The troubled helix : social and psychological implications of the new human genetics

Αποθηκεύτηκε σε:
Λεπτομέρειες βιβλιογραφικής εγγραφής
Άλλοι συγγραφείς: Marteau, Theresa (Επιμελητής έκδοσης), Richards, Martin, 1940 January 26- (Επιμελητής έκδοσης)
Μορφή: Βιβλίο
Γλώσσα:English
Δημοσίευση: Cambridge : Cambridge University Press, 1996
Θέματα:
Ετικέτες: Προσθήκη ετικέτας
Δεν υπάρχουν, Καταχωρήστε ετικέτα πρώτοι!

MARC

LEADER 00000cam a2200000 i 4500
001 1/8799
008 000725s1996 eng d
020 |a 0-521-46288-6 
035 |l 10062816 
040 |a GR-MY-UA  |b gre  |e aacr 
041 0 |a eng 
082 0 |a 616.042 
245 1 4 |a The troubled helix :  |b social and psychological implications of the new human genetics /  |c edited by Theresa Marteau; Martin Richards 
260 |a Cambridge :   |b Cambridge University Press,   |c 1996 
300 |a 356 p. 
504 |a Includes bibliographical references 
650 0 0 |a Medical genetics  |x Social aspects. 
650 0 0 |a Medical genetics  |x Moral and ethical aspects. 
700 1 |a Marteau, Theresa.  |4 edt 
700 1 |a Richards, Martin,   |d 1940 January 26-  |4 edt 
852 |a INST  |b LESVOS  |e 20000725  |h 616.042 TRO  |p 005100025649  |q 005100025649  |t BK  |y 0 
901 |a BIBL1-2000-2 
909 |a Λ  |b 067020 
970 |a ΚΑΜΑΤΣΟΥ  |b ΔΕΣΠΟΙΝΑ  |z 2000/07/25